Complete the Titles of Songs by Mariah Carey - Statistics

General Stats
  • This quiz has been taken 76 times
  • The average score is 14 of 16
Answer Stats
Song Ttile % Correct
Vision of {Love}
100%
All I Want for Christmas Is {You}
99%
We Belong {Together}
97%
Always Be My {Baby}
96%
Can't Let {Go}
96%
Touch My {Body}
93%
Bye {Bye}
92%
Shake It {Off}
89%
One Sweet {Day}
89%
Don't Forget About {Us}
87%
Love Takes {Time}
86%
I Don't Wanna {Cry}
83%
Make It {Happen}
77%
My {All}
73%
When You {Believe}
66%
It's Like {That}
59%
No matching quizzes found
Score Distribution
Percent of People with Each Score
Percentile by Number Answered
Your Score History
You have not taken this quiz